Marktforschung Methoden, Anwendungen, Praxisbeispiele

Gespeichert in:
Bibliographische Detailangaben
1. Verfasser: Altobelli, Claudia Fantapié
Format: Buch
Sprache:Deutsch
Veröffentlicht: Konstanz UVK Verlagsgesellschaft 2017
Ausgabe:3. vollständig überarbeitete Auflage
Schriftenreihe:UTB Betriebswirtschaft 8342
Schlagworte:
Tags: Tag hinzufügen
Keine Tags, Fügen Sie das erste Tag hinzu!

MARC

LEADER 00000nam a2200000 4500
001 0259563
005 20240221114218.8
020 |a 978-3-8252-8721-4 
041 0 |a ger 
044 |a DE 
245 1 0 |a Marktforschung  |b Methoden, Anwendungen, Praxisbeispiele  |c Claudia Fantapié Altobelli 
250 |a 3. vollständig überarbeitete Auflage 
264 1 |a Konstanz  |b UVK Verlagsgesellschaft  |c 2017 
300 |a 495 s. 
490 1 |a UTB Betriebswirtschaft  |v 8342 
830 0 |a UTB Betriebswirtschaft  |v 8342 
610 2 0 |a výskum trhu 
610 2 0 |a metódy 
610 2 0 |a teória a prax 
610 2 0 |a marketing 
610 2 0 |a etika 
610 2 0 |a digitalizácia 
610 2 0 |a dotazníky 
610 2 0 |a pozorovanie momentkové 
610 2 0 |a klasifikácia 
610 2 0 |a experimenty 
610 2 0 |a zber dát 
610 2 0 |a informácie 
610 2 0 |a analýza dát 
610 2 0 |a prezentácia 
610 2 0 |a produkty 
610 2 0 |a testy 
610 2 0 |a ceny 
100 1 |a Altobelli, Claudia Fantapié